[Event "IND-ch U14"]
[Site "Ahmedabad"]
[Date "2022.05.10"]
[Round "3"]
[White "Karthik, N."]
[Black "Shaik, Sumer Arsh"]
[Result "0-1"]
[WhiteElo "1516"]
[BlackElo "1999"]
[PlyCount "118"]
[EventDate "2022.05.09"]
[EventType "swiss"]
[EventRounds "11"]
[EventCountry "IND"]
[SourceTitle "CBM 208 Extra"]
[Source "ChessBase"]
[SourceDate "2022.07.31"]
[SourceVersion "1"]
[SourceVersionDate "2022.07.31"]
[SourceQuality "1"]

1. e4 e5 2. Nf3 Nc6 3. Bb5 a6 4. Ba4 Nf6 5. Qe2 b5 6. Bb3 Bc5 7. c3 0-0 8. 0-0 h6 9. Rd1 Re8 10. d3 d6 11. Be3 Rb8 12. Nbd2 Bb6 13. a4 Bxe3 14. Qxe3 Be6 15. Bxe6 Rxe6 16. axb5 axb5 17. d4 exd4 18. cxd4 Qe8 19. Qd3 Re7 20. Re1 Nb4 21. Qc3 c5 22. dxc5 dxc5 23. e5 Nfd5 24. Qxc5 Rc7 25. Qd4 Qe6 26. Qe4 Nc2 27. Nd4 Nxd4 28. Qxd4 Rbc8 29. Rad1 Rc2 30. Nf3 Ne7 31. Qb4 Nc6 32. Qe4 Rxb2 33. Rd6 Qc4 34. Qf5 Ne7 35. Qd7 Qc5 36. Nd4 Qxe5 37. Nc2 Qc3 38. Qxe7 Qxc2 39. Rd8+ Kh7 40. Rf1 Rxd8 41. Qxd8 Rb1 42. g4 Rxf1+ 43. Kxf1 Qc4+ 44. Ke1 Qe4+ 45. Kd2 b4 46. h3 Qf4+ 47. Ke2 Qe4+ 48. Kd2 b3 49. Qd3 Qxd3+ 50. Kxd3 Kg6 51. f4 f5 52. Kc3 fxg4 53. hxg4 h5 54. f5+ Kg5 55. gxh5 Kxh5 56. Kxb3 Kg5 57. f6 gxf6 58. Kc2 Kf4 59. Kd3 Kf3 0-1